| 000 | 00841cam a22002411 4500 | ||
|---|---|---|---|
| 001 | gs 57000213 | ||
| 003 | DLC | ||
| 005 | 20260227111405.0 | ||
| 008 | 790313s1957 mtua 000 0 eng c | ||
| 010 | _ags 57000213 | ||
| 035 | _a(OCoLC)4738457 | ||
| 040 |
_aU.S. Geol. Survey _cTxEU _dDLC |
||
| 042 | _apremarc | ||
| 050 | 0 | 0 |
_aTN224.M9 _bS3 |
| 100 | 1 |
_aSahinen, Uuno M. _q(Uuno Mathias), _d1906- |
|
| 245 | 1 | 0 | _aMines and mineral deposits, Missoula and Ravalli counties, Montana. |
| 260 |
_aButte, _bMontana School of Mines, _c1957. |
||
| 300 |
_av, 63 p. : _bmaps, diagrs., tables ; _c28 cm. |
||
| 410 | 2 | 0 |
_aMontana Bureau of Mines and Geology. _tBulletin _vno. 8 |
| 504 | _aBibliography: p. 59. | ||
| 650 | 0 |
_aMines and mineral resources _zMontana _zMissoula County. |
|
| 650 | 0 |
_aMines and mineral resources _zMontana _zRavalli County. |
|
| 999 |
_c29168 _d29168 |
||